Enumeración sistemática de los vertebrados de la Provincia de Buenos Aires /
Guardado en:
| Autor Principal: | |
|---|---|
| Autor Corporativo: | |
| Otros Autores: | |
| Formato: | Libro |
| Idioma: | Spanish |
| Publicado: |
La Plata,
1957.
|
| Series: | Publicación ;
nº 119 |
| Acceso en línea: | Texto completo |
| Etiquetas: |
Agregar Etiqueta
Sin Etiquetas, Sea el primero en etiquetar este registro!
|
| LEADER | 00792nam a22001935a 4500 | ||
|---|---|---|---|
| 001 | EEA.libagro004307 | ||
| 005 | 20181204121623.0 | ||
| 008 | 130809s1957####ag############000#0#spa#d | ||
| 082 | 0 | 4 | |a 596.098212 |
| 100 | 1 | |a Ringuelet, Raúl. | |
| 245 | 1 | 0 | |a Enumeración sistemática de los vertebrados de la Provincia de Buenos Aires / |c por Raúl Ringuelet y Raúl H. Aramburu. |
| 260 | |a La Plata, |c 1957. | ||
| 300 | |a 94 p. ; |c 23 cm. | ||
| 490 | 1 | |a Publicación ; |v nº 119 | |
| 530 | |a Disponible también en línea. | ||
| 700 | 1 | |a Aramburu, Raúl H. | |
| 710 | 2 | |a Buenos Aires (Argentina : Provincia). |b Ministerio de Asuntos Agrarios. | |
| 856 | |u http://www.efn.unc.edu.ar/otros/bibliocentro/index%5Farchivos/121-Ringuelet.PDF |3 Texto completo | ||
| 859 | |a AR-BbBCA |b BIB. AGRONOMIA |h 596.098212 |i R582 |p 1990/1548 | ||
